| 000 | 00000nam 2200000zi 4500 |
| 001 | 9.897422 |
| 003 | CaOODSP |
| 005 | 20240513111643 |
| 006 | m o d f |
| 007 | cr |n||||||||| |
| 008 | 210311e198309##onc|||| ob f00| 0|eng d |
| 040 | |aCaOODSP|beng|erda|cCaOODSP |
| 043 | |an-cn--- |
| 086 | 1 |aC23-256/1983E-PDF |
| 245 | 00|aInnovation element evaluation. |
| 264 | 1|a[Ottawa] : |bProgram Evaluation Branch, DRIE, |cSeptember 1983. |
| 300 | |a1 online resource (2 volumes) |
| 336 | |atext|btxt|2rdacontent |
| 337 | |acomputer|bc|2rdamedia |
| 338 | |aonline resource|bcr|2rdacarrier |
| 500 | |aDigitized edition from print [produced by Innovation, Science and Economic Development Canada]. |
| 504 | |aIncludes bibliographical references. |
| 505 | 0 |av. 1. Summary of findings and recommendations -- v. 2. Technical report. |
| 650 | 0|aIndustrial policy|zCanada. |
| 650 | 0|aEconomic assistance, Domestic|zCanada. |
| 650 | 0|aSmall business|xTechnological innovations|zCanada|xFinance. |
| 650 | 6|aPolitique industrielle|zCanada. |
| 650 | 6|aAide au développement économique régional|zCanada. |
| 650 | 6|aPetites et moyennes entreprises|xInnovations|zCanada|xFinances. |
| 710 | 1 |aCanada. |bDepartment of Regional Industrial Expansion, |eissuing body. |
| 856 | 40|qPDF|s800 KB|uhttps://publications.gc.ca/collections/collection_2024/isde-ised/c23/C23-256-1983-1-eng.pdf|zVolume I : Summary of findings and recommendations |
| 856 | 40|qPDF|s4.94 MB|uhttps://publications.gc.ca/collections/collection_2024/isde-ised/c23/C23-256-1983-2-eng.pdf|zVolume II : Technical report |